[Event "18th Aeroflot Open-A 2020"]
[Site "Moscow"]
[Date "2020.02.19"]
[Round "1.20"]
[White "Karthik Venkataraman"]
[Black "Durarbayli, Vasif"]
[Result "0-1"]
[WhiteElo "2483"]
[BlackElo "2625"]
[Annotator "TA"]
[PlyCount "144"]
[EventDate "2020.02.19"]
[EventType "swiss"]
[EventCountry "RUS"]
[SourceTitle "playchess.com"]
[Source "ChessBase"]
[SourceQuality "1"]

{[%evp 25,144,18,18,13,20,16,12,13,11,8,16,0,0,-56,-60,-76,-64,-54,-54,-122,-131,-164,-150,-154,-147,-147,-135,-135,-135,-171,-166,-172,-135,-144,-144,-144,-138,-158,-109,-190,-190,-189,-189,-175,-144,-152,-139,-139,-138,-150,-102,-102,-92,-166,-143,-143,-139,-166,-143,-228,-177,-170,-160,-153,-139,-139,-139,-139,-139,-207,-120,-325,-316,-319,-272,-336,-335,-337,-335,-326,-315,-294,-268,-326,-326,-468,-466,-459,-452,-451,-343,-960,-982,-995,-993,-646,-486,-982,-868,-818,-784,-1091,-982,-1919,-712,-2230,-2347,-2227,-2309,-1926,-1956,-4786,-4775,-4800,-4789,-3811,-2740,-4779,-4779,-29988,-29989]} 1. e4 e5 2. Nf3 Nc6 3. Bb5 a6 4. Ba4 Nf6 5. O-O Be7 6. Re1 b5 7. Bb3 O-O 8. a4 Bb7 9. d3 d6 10. Nbd2 Nd7 11. c3 Nc5 12. axb5 axb5 13. Rxa8 Qxa8 $1 {13...Qxa8 is better than 13...Bxa8.} 14. Bc2 {C88: Closed Ruy Lopez: Anti-Marshall Systems.} b4 15. d4 bxc3 16. bxc3 {The position is equal.} Nd7 17. Nc4 Qa1 18. Bb3 Bf6 19. Bg5 (19. Be3 $11 Qxd1 20. Bxd1 (20. Rxd1 Ra8 $11)) 19... Qxd1 $1 $15 20. Rxd1 {[#]} exd4 $1 {[%mdl 64] Overworked Piece} 21. cxd4 Nxd4 22. Nxd4 (22. Rxd4 $15 Bxd4 23. Nxd4) 22... Bxg5 $17 23. e5 Nxe5 24. Nxe5 dxe5 25. Nb5 Bc6 26. Nxc7 Rb8 27. Bd5 Rd8 28. Bb3 Rc8 29. Ne6 Be7 {White must now prevent ...Rb8.} 30. Rc1 h5 {Threatens to win with ...Rb8.} 31. g3 h4 32. Bd5 (32. f4 $17) 32... Bd7 $19 33. Rxc8+ Bxc8 {[%mdl 4096] Endgame KBB-KBN} 34. Nc7 g6 35. Bc4 Kf8 36. Nd5 Bd8 37. Nb4 h3 38. Nd3 f6 39. Nc5 (39. f3 $17) 39... Bb6 40. Ne4 Kg7 41. Nd6 Bd7 42. Bf1 (42. Be2 $17) 42... Bc5 43. Ne4 Bd4 44. Be2 Bf5 45. Bf3 Bb6 46. Kf1 Ba5 47. Ke2 (47. Nc5 $17 {was worth a try.}) 47... Bb4 (47... Bd7 $19 {And now ...f5 would win.} 48. Kf1 Bc6) 48. Ke3 $2 {White does not recover from this.} (48. Kf1 $17 {might work better.}) 48... Bd7 49. Nd2 Bb5 50. Bd5 f5 {Strongly threatening ...f4+!} 51. Nc4 Kf6 52. Kf3 Ba4 53. Ke2 Bc5 54. Ne3 e4 55. Bc4 (55. Bb7 $142) 55... Ke5 56. Ba6 g5 57. Nc4+ Kd4 58. Nd2 $2 (58. Ne3 f4 59. Ng4) 58... Bc2 59. Bc8 Bd3+ 60. Kd1 Ke5 61. Ke1 (61. f3 $142 e3 62. f4+ gxf4 63. Nf3+ Kf6 64. gxf4) 61... Bb4 62. Kd1 Bb5 63. Nb1 Ba4+ 64. Ke2 f4 65. gxf4+ gxf4 66. Nd2 Bb5+ 67. Kd1 f3 68. Bb7 Be2+ 69. Kc2 Bd3+ 70. Kd1 Kf4 71. Bc8 Bc5 72. Ke1 {[#]} Bxf2+ $1 {[%mdl 576] Remove Defender, Promotion. Accuracy: White = 42%, Black = 85%.} 0-1

[Event "18th Aeroflot Open-A 2020"]
[Site "Moscow"]
[Date "2020.02.19"]
[Round "1.21"]
[White "Zvjaginsev, Vadim"]
[Black "Rahul Srivatshav P"]
[Result "1-0"]
[WhiteElo "2623"]
[BlackElo "2474"]
[Annotator "TA"]
[PlyCount "101"]
[EventDate "2020.02.19"]
[EventType "swiss"]
[EventCountry "RUS"]
[SourceTitle "playchess.com"]
[Source "ChessBase"]
[SourceQuality "1"]

{[%evp 13,101,-16,-17,-18,0,-7,0,-7,0,0,0,0,0,0,0,0,0,0,9,9,9,5,2,4,4,4,4,4,4,5,6,12,4,6,7,0,0,0,29,12,68,58,212,209,208,202,448,453,462,446,424,352,457,465,427,345,1026,1029,999,899,818,737,1338,1409,1393,1284,1823,1431,2287,1399,2058,1889,12829,12831,12821,8527,12834,12835,12836,12836,12835,12831,12841,12835,12841,12842,12831,5273,12845,12844]} 1. e4 e6 2. d3 d5 3. Nd2 Nf6 4. Ngf3 c5 5. g3 Nc6 6. Bg2 Be7 7. O-O O-O 8. b3 {C00: French: Unusual White 2nd moves.} b5 9. a4 b4 10. Bb2 {[#] The position is equal.} dxe4 $146 ({Predecessor:} 10... Ba6 11. Re1 Rc8 12. h4 Na5 13. exd5 exd5 14. Be5 Nd7 15. Ng5 Nxe5 16. Rxe5 Bb7 {0-1 (41) Fehr,A (2081)-Mellema,A (2164) Hoogeveen 2017}) 11. Ne5 Nxe5 12. Bxe5 Bb7 13. Re1 {[%cal Rd3e4]} Nd7 14. Bb2 ({Much weaker is} 14. Bxe4 Bxe4 15. Rxe4 Nxe5 $17) 14... Bf6 15. Bxf6 Nxf6 16. dxe4 Qc7 17. e5 Nd5 18. Ne4 Rad8 {White must now prevent ...Ne3!} 19. Qg4 Qxe5 20. Nxc5 Ne3 21. Nxb7 Qxa1 22. Rxa1 Nxg4 23. Nxd8 Rxd8 $11 {[%mdl 4096] Endgame KRB-KRN} 24. h3 Nf6 25. a5 {[%cal Ba4a5,Ba5a6][%mdl 32]} h5 26. a6 Rd2 (26... g6 $11) 27. Ra4 $14 Rxc2 $2 (27... Rd6 $1 $14) 28. Rxb4 $18 Rc1+ {[#]} 29. Bf1 $1 Rc7 $2 (29... g6 {might work better.} 30. Rb7 Ne4) 30. Rb8+ Kh7 31. Rb7 Rxb7 32. axb7 {KB-KN} Nd7 33. f4 Kg8 34. Be2 h4 $2 {[#]} (34... Kf8 35. Bxh5 Ke7) 35. gxh4 {White is clearly winning.} Kf8 36. Kf2 Ke7 37. Ke3 Kd6 38. Bb5 Nb8 39. f5 exf5 40. Kf4 Ke6 41. h5 Kf6 42. h4 a5 43. Bd3 Ke6 44. Bxf5+ Kf6 45. Bd3 Nc6 46. Bc4 Nb8 47. Bb5 Ke6 48. Kg5 Ke7 49. h6 gxh6+ 50. Kxh6 Kf6 51. h5 {Accuracy: White = 100%, Black = 49%.} 1-0

[Event "18th Aeroflot Open-A 2020"]
[Site "Moscow"]
[Date "2020.02.19"]
[Round "1.22"]
[White "Suleymanli, Aydin"]
[Black "Indjic, Aleksandar"]
[Result "1-0"]
[WhiteElo "2474"]
[BlackElo "2622"]
[Annotator "TA"]
[PlyCount "95"]
[EventDate "2020.02.19"]
[EventType "swiss"]
[EventCountry "RUS"]
[SourceTitle "playchess.com"]
[Source "ChessBase"]
[SourceQuality "1"]

{[%evp 14,95,17,16,7,14,19,11,22,27,18,23,33,20,23,22,25,23,19,18,31,24,24,0,13,10,56,38,46,28,47,20,54,31,46,44,47,8,8,25,14,0,54,0,18,0,17,29,16,65,117,0,0,-45,0,-81,0,-54,-22,-150,-153,-110,6,4,52,58,129,119,139,138,314,320,382,393,358,383,955,953,1212,986,29984,690,29985,29986]} 1. d4 d5 2. c4 c6 3. Nf3 Nf6 4. e3 Bf5 5. Nc3 e6 6. Bd3 Bg6 7. O-O Nbd7 8. b3 Bb4 {D12: Slav Defence: 3 Nf3 Nf6 4 e3 Bf5.} 9. Bb2 O-O 10. Ne2 {[#]} Qe7 $146 {The position is equal.} ({Predecessor:} 10... Bd6 11. c5 Bc7 12. b4 Re8 13. b5 e5 14. Bxg6 hxg6 15. bxc6 bxc6 16. dxe5 Nxe5 17. Bxe5 Bxe5 {0-1 (53) Sambuev,B (2485)-Sakaev,K (2633) Sochi 2007}) 11. Nf4 Bxd3 12. Nxd3 Ba3 13. Qc1 Bxb2 14. Qxb2 Rfc8 15. c5 a5 16. a3 Ne8 17. Rfc1 Nc7 18. Nd2 Re8 19. e4 Nb5 20. e5 Qg5 21. Re1 Reb8 22. Re3 b6 23. Rc1 Qe7 24. Rg3 Rb7 25. a4 Nc7 26. cxb6 Rxb6 27. Qc3 Qf8 (27... Qd8 $11) 28. Nf4 (28. Nc5 $14 Nxc5 29. Qxc5 Qxc5 30. Rxc5) 28... g6 29. Qe3 Ne8 30. Rh3 Ng7 31. g4 f5 (31... h5 $14 32. gxh5 Nf5) 32. f3 (32. exf6 $1 $16 Nxf6 33. Rg3 (33. Nxe6 Qa3 $16)) 32... g5 $11 33. Nh5 h6 (33... f4 $5 {[%cal Rf4e3]} 34. Qd3 Ra7 $11) 34. Rf1 (34. Ng3 $11) 34... Rb4 (34... c5 $17 35. dxc5 Rc6) 35. Nxg7 (35. Ng3 $11 f4 {[%mdl 64] Double Attack} 36. Qd3 fxg3 37. Rxh6) 35... Qxg7 36. f4 (36. gxf5 $11 exf5 37. Rc1) 36... fxg4 $17 37. Rg3 {[#]} h5 (37... c5 $1 $17 {[%mdl 512]} 38. Rxg4 (38. dxc5 gxf4) 38... Rf8 39. fxg5 Rxd4 40. Rxf8+ Kxf8 41. Rxd4 cxd4 42. Qf4+ Kg8) 38. f5 $11 Rf8 (38... c5 $5 39. dxc5 exf5 $11) 39. f6 Qg6 {[#]} (39... Nxf6 $14 40. exf6 {[%mdl 64] Discovered Attack} Rxf6) 40. Nf3 $1 {[%mdl 512]} c5 ({Wrong is} 40... gxf3 $2 41. Rxg5 Kh7 42. Rxg6 $18) 41. Qxg5 $40 {[%mdl 128] White goes for the king.} Kf7 $2 {[#] This move loses the game for Black.} (41... Qxg5 $16 42. Nxg5 Rb6) 42. Qc1 $1 $18 Rg8 43. dxc5 h4 44. Nxh4 Qh5 $2 (44... Qg5 45. Qxg5 Rxg5) 45. c6 Nxe5 46. Qc5 {[%csl Gf6][%cal Rc5e7]} Qxh4 47. Qe7+ Kg6 48. f7 {Accuracy: White = 74%, Black = 54%.} 1-0

[Event "18th Aeroflot Open-A 2020"]
[Site "Moscow"]
[Date "2020.02.19"]
[Round "1.23"]
[White "Zhou, Jianchao"]
[Black "Vogel, Roven"]
[Result "1-0"]
[WhiteElo "2622"]
[BlackElo "2473"]
[Annotator "TA"]
[PlyCount "93"]
[EventDate "2020.02.19"]
[EventType "swiss"]
[EventCountry "RUS"]
[SourceTitle "playchess.com"]
[Source "ChessBase"]
[SourceQuality "1"]

{[%evp 9,93,17,19,1,6,8,16,-3,0,0,-4,0,0,0,11,-51,16,18,23,7,33,6,12,0,8,0,0,0,0,-3,-4,-2,-2,0,0,0,5,0,7,8,7,0,0,1,47,47,47,47,52,55,63,58,54,54,48,49,76,64,64,65,70,64,108,99,178,178,178,178,217,196,189,192,667,614,600,484,684,660,1609,1425,29966,29967,29968,29969,29969,29966]} 1. d4 d5 2. c4 e6 3. Nc3 Be7 4. Bf4 Nf6 5. e3 O-O 6. a3 {D35: Queen's Gambit Declined: Exchange Variation.} b6 7. Nf3 Bb7 8. Rc1 {The position is equal.} c5 9. dxc5 bxc5 10. Be2 Nbd7 {[%cal Bb8d7,Bd7b6,Bb6d5][%mdl 32]} 11. O-O Ne4 {[#]} 12. Qc2 $146 (12. cxd5 $11 Nxc3 13. Rxc3 exd5 14. Qb3) ({Predecessor:} 12. cxd5 Nxc3 13. Rxc3 exd5 14. Ne5 Nxe5 15. Bxe5 Qb6 16. Qb3 {½-½ (16) Yakovlev,O (2370)-Stanila,E (2301) ICCF email 2016}) 12... Nxc3 (12... g5 $15 13. Qb3 Qc8) 13. bxc3 $11 Nb6 14. cxd5 Nxd5 15. Be5 Bf6 16. c4 Bxe5 17. Nxe5 Nf6 18. f3 Qc7 19. Qc3 Nd7 20. Nxd7 Qxd7 21. Qa5 Rfc8 22. Rfd1 Qc7 23. Qxc7 Rxc7 24. Rb1 Bc6 25. Kf2 Kf8 26. f4 Ke7 27. Bf3 {Threatens to win with Bxc6.} Rac8 28. Bxc6 Rxc6 $14 {[%mdl 4096] Endgame KRR-KRR} 29. a4 {[%cal Ba3a4,Ba4a5][%mdl 32]} Rb6 30. Rb5 Rcc6 31. Rdb1 Kd7 32. Ke2 Rd6 33. a5 Rxb5 34. Rxb5 {KR-KR} Rc6 35. g4 h6 36. h4 g6 (36... f6 $16) 37. g5 $18 hxg5 38. hxg5 Kc7 39. Kf3 Kd6 40. Rb7 Ra6 $2 (40... Rc7 41. Rxc7 Kxc7) 41. Rxf7 {[#] Black must now prevent f5!} Rxa5 42. Rg7 Ra4 (42... Ra1 $142 43. Rxg6 Rc1) 43. Rxg6 Rxc4 44. f5 Ke5 45. f6 {White mates.} Rc1 46. Kg2 Kf5 47. Rg8 {Accuracy: White = 93%, Black = 55%.} 1-0

[Event "18th Aeroflot Open-A 2020"]
[Site "Moscow"]
[Date "2020.02.19"]
[Round "1.24"]
[White "Raja Harshit"]
[Black "Jobava, Baadur"]
[Result "1/2-1/2"]
[WhiteElo "2472"]
[BlackElo "2620"]
[Annotator "TA"]
[PlyCount "56"]
[EventDate "2020.02.19"]
[EventType "swiss"]
[EventCountry "RUS"]
[SourceTitle "playchess.com"]
[Source "ChessBase"]
[SourceQuality "1"]

{[%evp 10,56,12,4,58,47,46,41,79,66,111,93,119,114,133,81,90,98,99,65,60,70,51,0,0,0,0,0,0,0,0,0,96,80,85,64,66,72,66,0,0,0,0,0,0,0,0,0,0]} 1. e4 c6 2. Nc3 d5 3. Nf3 Bg4 4. h3 Bxf3 5. Qxf3 e6 6. Be2 g6 {B11: Caro-Kann: Two Knights Variation.} (6... d4 $11) 7. d4 $14 Bg7 8. Be3 Ne7 {White is slightly better.} 9. h4 {[#]} Qa5 $146 ({Predecessor:} 9... h5 10. O-O-O Nd7 11. Bg5 Qb6 12. exd5 cxd5 13. Rhe1 Bh6 14. Bxh6 Rxh6 15. Qf4 Rh7 {½-½ (23) Ragger,M (2644)-Jobava,B (2712) Austria 2017}) 10. O-O-O $1 Nd7 11. h5 $1 b5 {With the idea ...b4.} 12. hxg6 (12. exd5 $142 Nxd5 13. Bd2) 12... hxg6 $16 13. Rxh8+ Bxh8 14. Qh3 Bf6 15. exd5 $1 Nxd5 16. Ne4 ({Better is} 16. Nxd5 $14 cxd5 17. Kb1) 16... Qxa2 $11 17. Nxf6+ N7xf6 18. Qh8+ Ke7 19. Qxa8 Ne4 $1 {[%cal Ra2a1]} 20. c3 Ndxc3 {[#]} (20... Nexc3 $11 {remains equal.} 21. Bf3 (21. bxc3 Qa3+ 22. Kc2 Qxc3+ {[%mdl 64] Double Attack} 23. Kb1 Qb4+ 24. Kc2 Qc3+ {[%mdl 64] Double Attack} 25. Kb1 Qb4+ 26. Kc2 Qc3+ $11 {[%mdl 64] Double Attack}) 21... Qa1+ 22. Kc2 Nxd1 23. Qb7+ (23. Bxd1 Nb4+ 24. Kd2 Qxb2+ 25. Ke1 Qc3+ 26. Bd2 Qxd4 $11) 23... Kf6 $1 {[%mdl 512]} 24. Bxd1 Nb4+ 25. Kc3 Nd5+ 26. Kc2 Nb4+ 27. Kc3 Nd5+ 28. Kc2) 21. Bg5+ $1 $16 (21. bxc3 $6 Qa3+ 22. Kc2 Qxc3+ 23. Kb1 Qb4+ 24. Kc2 Qc3+ 25. Kb1 Qb4+ 26. Kc2 Qc3+ $11) 21... Nxg5 22. bxc3 Ne4 {[%mdl 64] Double Attack} 23. Qxc6 Qxe2 $14 {KQR-KQN} 24. d5 (24. Qc7+ $14 Kf8 25. Qb8+ Kg7 26. Qe5+ f6 27. Qc7+ (27. Qxe6 f5 $14) 27... Kh6 28. Qf4+ Kg7 29. Qf3 (29. Rh1 Ng5 $14) 29... Qxf3 30. gxf3 Nxc3 31. Re1) 24... Nxf2 $11 {The position is equal.} 25. d6+ Kf6 26. Rd2 Nd3+ $1 ({But not} 26... Qe1+ $2 27. Kc2 $18) 27. Kc2 Ne1+ 28. Kc1 Nd3+ {Accuracy: White = 80%, Black = 75%.} 1/2-1/2

[Event "18th Aeroflot Open-A 2020"]
[Site "Moscow"]
[Date "2020.02.19"]
[Round "1.25"]
[White "Chigaev, Maksim"]
[Black "Abdumalik, Zhansaya"]
[Result "1/2-1/2"]
[WhiteElo "2616"]
[BlackElo "2471"]
[Annotator "TA"]
[PlyCount "91"]
[EventDate "2020.02.19"]
[EventType "swiss"]
[EventCountry "RUS"]
[SourceTitle "playchess.com"]
[Source "ChessBase"]
[SourceQuality "1"]

{[%evp 16,91,0,5,5,17,9,26,24,8,11,16,25,22,12,11,46,19,31,20,31,27,14,15,33,33,27,22,35,40,41,36,84,65,55,22,31,24,53,13,20,29,177,182,186,190,176,171,179,181,187,187,274,160,161,74,68,53,65,59,79,79,79,0,0,0,0,0,0,-139,-155,-139,-60,-84,-45,-50,-3,-40]} 1. e4 e5 2. Nf3 Nc6 3. Bb5 a6 4. Ba4 Nf6 5. O-O Be7 6. d3 b5 7. Bb3 d6 8. a3 $1 {[%mdl 4] is more profitable than 8.a4 at the moment. Played by Alireza Firouzja in February 2020.} O-O 9. Nc3 Na5 {C77: Ruy Lopez: 3...a6 4 Ba4 Nf6, unusual lines.} 10. Ba2 Be6 11. b4 Bxa2 {White has an edge.} 12. Nxa2 Nb7 13. c4 c6 14. Nc3 Qd7 {[#]} 15. Be3 $146 ({Predecessor:} 15. h3 Rfe8 16. Be3 Bf8 17. Qb3 h6 18. a4 bxc4 19. dxc4 Qe6 20. Rfd1 Rec8 21. Nd2 {1-0 (59) Firouzja,A (2702)-Aronian,L (2758) chess.com INT 2019}) 15... h6 16. Qb3 Rfb8 17. Rab1 Qe6 18. Qa2 Nd8 19. Rfc1 Rb7 20. h3 Nd7 21. Qe2 Qg6 22. a4 bxa4 23. Qa2 Qe6 24. Qxa4 Rab8 25. Qa5 Nf6 26. c5 d5 {Threatening ...d4.} 27. Bd2 d4 28. Ne2 Ra7 {[#]} (28... Nd7 $11) 29. Nxe5 $1 $18 {[%mdl 512]} Rb5 ({But not} 29... Qxe5 $2 30. Bf4 $18) 30. Nxd4 {[%mdl 64] Double Attack} Qxe5 31. Nxb5 cxb5 32. Qb6 Ra8 {[#]} 33. c6 $1 Ne6 (33... Rc8 $142 34. Qxa6 Rc7) 34. c7 (34. Qb7 $18 Re8 35. c7 (35. Qxa6 $2 Bd6 $19) 35... Nxc7 36. Rxc7) 34... Rc8 $16 35. Qxa6 (35. f4 $1 $18 {[%cal Rf4e5] has better winning chances.} Qd4+ 36. Qxd4 Nxd4 37. Kf2) 35... Rxc7 36. Rxc7 Nxc7 37. Qa1 Qh5 38. Be3 Ne6 39. d4 (39. e5 $16 Ne8 40. Rc1) 39... Qg6 $11 40. d5 Ng5 41. Bxg5 $1 hxg5 42. Re1 (42. f3 $11 {remains equal.}) 42... Bxb4 $17 43. Re2 Bf8 (43... g4 $17 {aiming for ...gxh3.} 44. Qa8+ Kh7) 44. d6 Nd7 ({Inferior is} 44... Bxd6 45. e5 $16) 45. e5 Qd3 46. Re3 {What a bad dream for Black. Accuracy: White = 71%, Black = 68%.} 1/2-1/2

[Event "18th Aeroflot Open-A 2020"]
[Site "Moscow"]
[Date "2020.02.19"]
[Round "1.26"]
[White "Kozionov, Kirill"]
[Black "Kobalia, Mikhail"]
[Result "1/2-1/2"]
[WhiteElo "2466"]
[BlackElo "2609"]
[Annotator "TA"]
[PlyCount "83"]
[EventDate "2020.02.19"]
[EventType "swiss"]
[EventCountry "RUS"]
[SourceTitle "playchess.com"]
[Source "ChessBase"]
[SourceQuality "1"]

{[%evp 9,83,0,21,28,11,11,19,-2,-1,0,0,-14,0,-5,0,0,9,0,0,0,4,0,17,15,14,12,18,0,0,0,17,14,17,7,16,11,22,0,26,14,22,0,4,0,0,0,0,3,2,2,21,18,18,18,24,21,18,20,23,8,22,16,60,43,48,46,68,15,47,54,39,0,17,0,47,24]} 1. b3 e5 2. Bb2 Nc6 3. e3 g6 4. d4 exd4 5. Nf3 Bg7 6. Nxd4 {A01: Nimzowitsch-Larsen Opening.} Nxd4 7. Bxd4 Nf6 8. Be2 {The position is equal.} O-O 9. O-O d5 10. c4 dxc4 11. Bxc4 {[#]} Ne4 $146 ({Predecessor:} 11... Qd6 12. Bb2 Ne4 13. Bxg7 Kxg7 14. Qxd6 Nxd6 15. Be2 c5 16. Rd1 Rd8 17. Nc3 Be6 {1-0 (45) Nakamura,H (2787)-Andreikin,D (2712) Moscow 2018}) 12. Bxg7 Kxg7 13. Qxd8 (13. f3 {with more complications.} Qf6 14. Na3 Rd8 15. Qc2 Nd2 16. Rfd1) 13... Rxd8 14. f3 Nd6 15. Be2 Nf5 16. Kf2 Re8 17. e4 Nd4 {Strongly threatening ...Nc2.} 18. Bd3 Rd8 19. Rd1 Nb5 20. Rd2 a6 21. Bc4 Bd7 22. a4 Nd6 23. Bf1 a5 24. Nc3 Be6 25. Rb1 f5 26. exf5 Nxf5 27. Rbd1 (27. Rdb2 {looks sharper.} Bf7 28. Re1 Rd4 29. g4 Nd6 30. Re7) 27... Rxd2+ 28. Rxd2 Nd6 ({Much weaker is} 28... Bxb3 $6 29. Rb2 $16 (29. Rd7+ Kg8 $14)) 29. Nd5 Ne8 {[#] Hoping for ...Rd8.} 30. Bc4 Rd8 {aiming for ...Nf6.} 31. Ke3 {Nxc7! is the strong threat.} Bxd5 32. Rxd5 Rxd5 33. Bxd5 $11 {[%mdl 4096] Endgame KB-KN} Nd6 34. f4 Kf6 35. g3 c6 36. Bg2 (36. Bf3 {is interesting.} c5 37. Be2 h5 38. Bd3 Kf7 39. h3) 36... Nf5+ 37. Kd3 Ke6 38. Be4 ({White should play} 38. g4 $1 $14 Ne7 39. Kd4) 38... Nd6 39. Bf3 Nf5 40. Be4 Nd6 41. Bf3 Nf5 $1 42. Ke4 {Accuracy: White = 97%, Black = 92%.} 1/2-1/2